000 00396nam a2200157Ia 4500
008 210716s2005 xx 000 0 und d
020 _a8189326074
041 _aeng
082 _a658.1511 AGAN
100 _aAgarwal N P;Jain, Sugan C;Gupta, Priti.
245 _aStrategic management accounting
250 _a1
260 _aJaipur
_c2005
300 _a328
650 _aManagement Accounting
999 _c199560
_d199560